| 000 | 01654cam a2200337 a 4500 | ||
|---|---|---|---|
| 003 | EG-GiCUC | ||
| 008 | 070305s1994 su f f000 0 ara d | ||
| 017 |
_a1414 / 2100 _bالسعودية.مكتبة الملك فهد الوطنية |
||
| 020 | _a9960000281 | ||
| 040 |
_aEG-GiCUC _bara _cEG-GiCUC |
||
| 050 | 4 |
_aZ712. _bH8 1994 |
|
| 092 | 0 | 4 |
_a025.6 _bH989 _221 |
| 099 |
_a04 _a025.6 H989 |
||
| 100 | 1 | _aالحزيمي: سعود عبد الله. | |
| 245 | 1 | 0 |
_aخدمات الإعارة فى المكتبة الحديثة / _cسعود بن عبدالله الحزيمي. |
| 246 | 3 | 0 | _a.الإعارة فى المكتبة الحديثة |
| 260 |
_aالرياض : _bمكتبة الملك فهد الوطنية: _c1994. |
||
| 300 |
_a129ص. ؛ _c24 .سم |
||
| 490 | 1 |
_aمطبوعات مكتبة الملك فهد الوطنية . السلسلة الأولى ؛ _v15 |
|
| 500 | _aالنسخة رقم (127201) اهداء مكتبة البابطين المركزية | ||
| 500 | _aالنسخة رقم (144173) اهداء الملحقية الثقافية | ||
| 504 | _aيشتمل على ارجاعات ببليوجرافية (ص127-129) | ||
| 650 | 7 |
_aالإعارة (مكتبات). _2qrmak |
|
| 830 | 0 |
_aمطبوعات مكتبة الملك فهد الوطنية . _nالسلسلة الاولى ؛ _v15 |
|
| 902 | _a4 | ||
| 905 |
_aايمان ع _eمراجع |
||
| 905 |
_aمنى _eمدخل |
||
| 942 |
_2ddc _cBK |
||
| 999 |
_c92911 _d92911 |
||